000 00515nam a22001937a 4500
003 KOHA_MİRAKIL
005 20250421160121.0
008 250421b tu ||||| |||| 00| 0 tur d
020 _a9786257608978
040 _aTR-AnABB
_btur
_cTR-AnABB
041 _atur
082 _a892.785
_bCIB 2023
100 1 _aCibran, Halil,
245 1 0 _aHak erenler /
_cHalil Cibran
260 _aİstanbul :
_bBüyüyenay,
_c2023
300 _a120 sayfa,
_c23 cm
650 0 4 _aTürk edebiyatı, roman
942 _2ddc
_cBK
999 _c8805
_d8805
900 _bGizem YORULMAZ